zpět

Detail výsledku týmu

U Buriana, Třinec

Datum a čas kvízu

36 Celkem bodů Celkový počet nahraných bodů na tomto kvízu bez doplňovacích otázek.
2. Pořadí na kvízu Konečné umístění týmu na tomto kvízu.

Zaznamenané odpovědi

# Otázka Odpověď Body Výsledky
1. Ředitel pražské zoologické zah... Miroslav Bobek 1
2. Minulé pondělí byly oznámeny k... Moldavsko (Moldávie) 1
3. U příležitosti narozenin jedné... Marta Kubišová 0
4. Od 1. října už není možné žáda... Superdávka 1
5. Nejvyšší česká fotbalová liga... FC Viktoria Plzeň, FK Pardubice 0.5
6. Wikipedii s nejvyšší pravděpod... z havajštiny 1
7. Fanoušci kvízu občas jistě se... A 1
8. Dobrým zdrojem informací jsou... Jsi chytřejší než páťák? 0
9. Mnemotechnické pomůcky se hodí... struny na kytaře (pořadí strun/tónů) 1
10. Někdy však k úspěchu v kvízu s... 1D 2A 3B 4C 1